000 00658nam a2200277Ia 4500
005 20260324130538.0
008 008 260324s9999 xx 000 0 eng d
020 _a9781315264097
037 _aEBOOK
040 _aCRL
040 _beng
040 _cCRL
041 _2eng
041 _aeng
084 _qCRL
100 _aGert Wijnen; Rudy Kor
_91182185
245 0 _a59 Checklists for Project and Programme Managers
260 _bTaylor and Francis
260 _c2007
365 _a
365 _b300
856 _uhttp://www.taylorfrancis.com/books/9781315264097
942 _cEBOOK
999 _c1778438
_d1778438